Adivinhe o Artista (Nacionais) - Statistics

Estatísticas Gerais
  • Esse quiz foi jogado 139 vezes
  • A pontuação média é 81 de 303
Estatísticas das Respostas
Música Artista % Correto
As Quatro Estações Sandy e Júnior
87%
Primavera Tim Maia
76%
Mina Do Condomínio Seu Jorge
74%
Tem Que Ser Você Victor e Leo
73%
Evidências Chitãozinho e Xororó
70%
Tem Café Gaab
70%
Não Para Anitta
69%
Apelido Carinhoso Gusttavo Lima
69%
Anna Júlia Los Hermanos
69%
Eu Te Amo Pinga Antony e Gabriel
67%
Robin Hood da Paixão Hugo Pena e Gabriel
67%
Eduardo e Mônica Legião Urbana
67%
Pouca Pausa Clau
66%
Medo Bobo Maiara e Maraisa
65%
Lendas e Mistérios Fred e Gustavo
64%
Berimbau Metalizado Ivete Sangalo
64%
Nosso Xote Bicho de Pé
63%
Dormi na Praça Bruno e Marrone
62%
O Amor de Antes Hugo e Tiago
62%
Robocop Gay Mamonas Assassinas
60%
Camaro Amarelo Munhoz e Mariano
60%
K.O. Pabllo Vittar
60%
Meu Ébano Alcione
58%
Renata Latino
58%
Sentimento Louco Marília Mendonça
58%
Amei Te Ver Tiago Iorc
58%
Saudade de Você Zé Felipe
58%
Estou Apaixonado João Paulo e Daniel
57%
Mulher de Fases Raimundos
57%
126 Cabides Simone e Simaria
57%
Adrenalina Luan Santana
56%
Adoro Amar Você Daniel
55%
Sorri, Sou Rei Natiruts
55%
Porque Homem Não Chora Pablo
54%
Baila Comigo Rita Lee
54%
Energia Surreal Thiaguinho
54%
Cadeira de Aço Zé Neto e Cristiano
54%
A Lua Me Traiu Calypso
53%
Equalize Pitty
53%
Vem Meu Amor Banda Eva
52%
Apenas Mais Uma De Amor Lulu Santos
52%
Proibida Pra Mim Charlie Brown Jr
51%
Velha Infância Tribalistas
51%
Deixe-me Ir 1Kilo
49%
Mais Amor e Menos Drama Henrique e Juliano
49%
Medida Certa Jorge e Mateus
49%
Menina Veneno Ritchie
49%
Primeiros Erros Capital Inicial
48%
O Sol Vitor Kley
48%
Vamos Beber Dennis DJ
47%
Cerveja Leandro e Leonardo
47%
Tipo Crazy Ludmilla
47%
TCC (Truco, Cerveja e Churrasco) Marcos e Fernando
47%
Ai Ai Ai Vanessa da Mata
47%
Tropicana Alceu Valença
46%
Taquitá Cláudia Leitte
46%
Tchau e Bença Exaltasamba
46%
Jenifer Gabriel Diniz
46%
Garoto Errado Manu Gavassi
46%
Amanhã Sei Lá Michel Teló
46%
Meu Sangue Ferve Por Você Sidney Magal
46%
Você Não Vale Nada Calcinha Preta
45%
Era Um Garoto, Que Como Eu Amava Os Beatles e os Rolling Stones Engenheiros do Hawaii
45%
Xote dos Milagres Falamansa
45%
Dias Melhores Jota Quest
45%
Selfie Colado Karol Ka
45%
Lepo Lepo Psirico
45%
Verdade Zeca Pagodinho
45%
Madri Fernando e Sorocaba
44%
2345Meia78 Gabriel o Pensador
44%
Tô Legal Grupo Raça
44%
Ginga Iza
44%
Chora, Me Liga João Bosco e Vinícius
44%
Avisa Que Eu Cheguei Naiara Azevedo
44%
Insegurança Pixote
44%
Três Lados Skank
44%
Fico Assim Sem Você Claudinho e Buchecha
43%
Cilada Molejo
43%
Tremendo Vacilão Perlla
43%
Ressaca de Saudade Wesley Safadão
43%
Um Minuto Para o Fim Do Mundo CPM 22
42%
Hoje Eu Tô Terrível Cristiano Araújo
42%
Pescador de Ilusões Rappa
42%
A Rosa e o Beija-Flor Matheus e Kauan
40%
Cigana Raça Negra
40%
Sonífera Ilha Titãs
40%
100% Você Chiclete com Banana
39%
A Mala É Falsa Felipe Araújo
39%
Sinhá Moça Leonardo
39%
Pão de Mel Zezé di Camargo e Luciano
39%
Adocica Beto Barbosa
38%
Caça e Caçador Fábio Júnior
38%
Dependente Sorriso Maroto
38%
Tindolelé Xuxa
38%
Onde Você Mora? Cidade Negra
37%
Sina Djavan
37%
Pirata e Tesouro Ferrugem
37%
Estilo Cachorro Racionais
37%
Sociedade Alternativa Raul Seixas
37%
Cerveja de Garrafa Atitude 67
36%
Festa do Interior Gal Costa
36%
Coração Apertado Thaeme e Thiago
36%
Desenho de Deus Armandinho
35%
Musa do Verão Felipe Dylon
35%
Coladinha em Mim Gustavo Mioto
35%
Diz Pra Mim Malta
35%
Tchubirabirom Parangolé
34%
A Namorada Carlinhos Brown
33%
Quando o Sol Se For Detonautas
33%
Eu Quero Tchu, Eu Quero Tcha João Lucas e Marcelo
33%
Garçom Reginaldo Rossi
33%
Anjo Kelly Key
31%
Estrada da Vida Milionário e José Rico
31%
Ela É Demais Rick e Renner
31%
Do Lado de Cá Chimarruts
30%
Óculos Paralamas do Sucesso
30%
Olhar 43 RPM
30%
Patricinha de Olho Azul Bom Gosto
29%
Bate Coração Elba Ramalho
29%
Tô Nem Aí Luka
29%
Daqui Pra Frente NX Zero
29%
Mais Uma Vez Renato Russo
29%
Bate o Pé Rionegro e Solimões
29%
Volta Pra Mim Roupa Nova
29%
Puxa Agarra e Beija Turma do Pagode
29%
Pior Que Sinto Falta Lexa
28%
Toque de Mágica Pedro e Thiago
28%
Coração Radiante Revelação
28%
Pintura Íntima Kid Abelha
27%
Esqueceu do Ex Pedro Paulo e Alex
27%
Que Se Chama Amor Só Pra Contrariar
27%
Mal Acostumada Araketu
26%
Tua Boca Belo
26%
Vou Festejar Beth Carvalho
26%
Farra, Pinga e Foguete Bruno e Barretto
26%
Swing da Cor Daniela Mercury
26%
Me Namora Edu Ribeiro
26%
Zica, Vai Lá Emicida
26%
Tô Te Filmando Os Travessos
26%
Enquanto Você Dormia Projota
26%
Favela Alok
25%
Pimpolho Art Popular
25%
Morango do Nordeste Karametade
25%
Pisando Descalço Maneva
25%
Marrom Bombom Os Morenos
25%
Sem Ar D Black
24%
Não Valeu Pra Você Eduardo Costa
24%
Desejo de Amar Eliana de Lima
24%
O Astronauta de Mármore Nenhum de Nós
24%
Amor Falso Aldair Playboy
22%
Bomba Braga Boys
22%
Recado A Minha Amada Katinguelê
22%
A Dor Desse Amor KLB
22%
Cobaia Lauana Prado
22%
Então Foge Marcos e Belutti
22%
Contatinho Nego do Borel
22%
Saudade Nivel Hard Yasmin Santos
22%
Celebrar Jammil
21%
Um Anjo Do Céu Maskavo
21%
Dança da Mãozinha Tchakabum
21%
360 Arrocha do Poder Thiago Brava
21%
Tropa de Elite Tihuana
21%
Chalana Almir Sater
20%
Tô Limpando Você Da Minha Vida Avine Vinny
20%
Vai Sacudir, Vai Abalar Cheiro de Amor
20%
Azul Edson e Hudson
20%
Fiorino Gabriel Gava
20%
Paredão Metralhadora Vingadora
20%
Catedral Zélia Duncan
20%
Bete Balanço Barão Vermelho
19%
O Alvo Diego e Victor Hugo
19%
Me Faz Feliz Jeito Moleque
19%
Saudade do Caramba João Neto e Frederico
19%
Vento Ventania Biquini Cavadão
18%
Deslizes Fagner
18%
Eu Sei Fresno
18%
Você Merece Cachê Israel Novaes
18%
À Francesa Marina
18%
Exagerado Naldo
18%
Quebra Aê Asa de Águia
17%
Doce Paixão Babado Novo
17%
Raspão Henrique e Diego
17%
Se Quiser Tânia Mara
17%
Liberar Geral Terra Samba
17%
Heloisa Mexe a Cadeira Vinny
17%
Piscininha Amor Whadi Gama
17%
Quero Que Tu Vá Ananda
16%
Mansão Thug Stronda Bonda da Stronda
16%
Nuvem de Lágrimas Fafá de Belém
16%
Daquele Jeito Harmonia do Samba
16%
Garotos Leoni
16%
Sonho Impossível Maria Bethânia
16%
Papo de Jacaré PO Box
16%
Não Resisto A Nos Dois Wanessa Camargo
16%
Amizades Virtuais Celso Portiolli
15%
Rio 40 Graus Fernanda Abreu
15%
Aguenta Coração José Augusto
15%
Sem Medo de Amar Onze:20
15%
Eu Sem Você Paula Fernandes
15%
Beija-Flor Timbalada
15%
Palpite Vanessa Rangel
15%
Tapa Aqui, Descobre Ali As Meninas
13%
Baile em Miami Buchecha
13%
155 Costa Gold
13%
Sem Radar LS Jack
13%
Deixa Se Envolver Melanina Carioca
13%
O Amor e o Poder Rosana
13%
Prometida Br'oz
12%
Imagina Com As Amigas Bruninho e Davi
12%
Toca Um Samba Aí Inimigos da HP
12%
Beat Acelerado Metrô
12%
40 Graus Twister
12%
Bate Lata Banda Beijo
11%
Maionese Gilmelândia
11%
Magia e Mistério Guilherme e Santiago
11%
Noite Fracassada Jads e Jadson
11%
Made In Roça Loubet
11%
Bem Querer Maurício Manieri
11%
Eu Sei Papas da Língua
11%
Ela Me Faz Rael
11%
Morena Scracho
11%
Bagulho no Bumba Virgulóides
11%
Até Ex Duvida Day e Lara
10%
A Praga Haikaiss
10%
Quer Um Beijo Meu? Ivo Mozart
10%
Saia e Bicicletinha Kaçamba
10%
Você Sempre Será Marjorie Estiano
10%
Eva Radio Taxi
10%
Tristeza do Jeca Tonico e Tinoco
10%
Linda Juventude 14 Bis
9%
Manequim Dominó
9%
Amante Profissional Herva Doce
9%
O Grande Amor da Minha Vida Vavá
9%
Senhorita Cabal
8%
De Copo em Copo George Henrique e Rodrigo
8%
Michael Douglas João Brasil
8%
Simples Desejo Luciana Mello
8%
Os Dias Vão Maria Cecília e Rodolfo
8%
Colo de Menina Rastapé
8%
Paraíso Proibido Strike
8%
Shortinho Saint-Tropez Bokaloka
7%
Tic, Tic, Tac Carrapicho
7%
Muito Estranho Dalto
7%
Meu Mundo e Nada Mais Guilherme Arantes
7%
Rumo A Goiania Juliano Cezar
7%
A Fórmula do Amor Leo Jaime
7%
Está Chegando a Hora Marcelo D2
7%
My Favorite Girl P9
7%
Coisa de Ex Paula Mattos
7%
Mania de Você Pepê e Neném
7%
Se É Pra Gente Ficar Solange Almeida
7%
Fim de Noite Adryana e a Rapaziada
6%
Sun Goes Down Bruno Martini
6%
Pé de Bode Cezar e Paulinho
6%
Cada Um, Cada Um Cláudio Zoli
6%
Clima de Rodeio Dallas Company
6%
Por Te Amar Assim Marlon e Maicon
6%
Clube dos Canalhas Matanza
6%
Meu Amor se Mudou Pra Lua Paula Toller
6%
Açúcar Renato Vianna
6%
50 Tons de Pinga Denner e Douglas
4%
1,2,3 Gian & Giovani
4%
Minha Vida É Você Hevo 84
4%
Eu Vou Seguir Marina Elali
4%
O Pinto Raça Pura
4%
Se Eu Pudesse SNZ
4%
Vamos Fazer Festa Tchê Garotos
4%
Casado, Namorando, Solteiro Tierry
4%
Pour Over Vintage Culture
4%
Caixa Postal BBC
3%
Popozuda Rock 'N' Roll Defalla
3%
Serão Extra Dr Silvana e Cia
3%
Kátia Flávia, a Godiva do Irajá Fausto Fawcett
3%
Solteiro Sim Humberto e Ronaldo
3%
Uma Barata Chamada Kafka Inimigos do Rei
3%
Poesia e Paixão Liah
3%
Coração de Osso May e Karen
3%
Minha Juventude Mr Gyn
3%
Monstrão MV Bill
3%
Pancadão Axé Blond
2%
Vida Mais ou Menos Banda Luxúria
2%
Sonho Cleber e Cauan
2%
Eu Não Vou Fat Family
2%
Totalmente Demais Hanoi Hanoi
2%
Quem Já Perdeu Um Sonho Aqui? Hateen
2%
I Love You Baby Oba Oba Samba House
2%
Mordida de Amor Yahoo
2%
Emaconhada Akundum
1%
Uma Vez Mais Ivo Pessoa
1%
Popstar João Penca e Seus Miquinhos Amestrados
1%
Meter o Louco Petra
1%
Coração Rapazolla
1%
Maravilhosa Ravena
1%
Minha Mulher Não Deixa Não Reginho e a Banda Surpresa
1%
Fábio Assunção Bartz
0%
Blow Up Cat Dealers
0%
Depois Não Chora Daya Luz
0%
Pensando em Você Edy Lemond
0%
Stay Ftampa
0%
Se Liga Gabily
0%
Let Me Go Crazy Kamatos
0%
Vermelho Márcia Freire
0%
Feche Os Olhos Renato e Seus Blue Caps
0%
Nenhum quiz correspondente encontrado
Distribuição das Pontuações
Porcentagem de Pessoas com Cada Pontuação
Percentil de Números Respondidos
Sua Pontuação Histórica
Você não jogou esse quiz